Biện pháp sinh học khống chế khả năng tái sinh của cây Mai dương (Mimosa pigra) tại Vườn Quốc gia Tràm Chim : Luận văn Thạc sĩ Khoa học Môi trường. Chuyên ngành: Khoa học Môi trường

Nghiên cứu và đánh giá khả năng phát triển của cây Mai dương trong điều kiện trồng các loài thực vật khác nhau như: Cỏ sả (Panicum Maximum), cỏ Vetiver, cỏ mồm (Hymenachne rugosum), Lục bình với 2 thí nghiệm đốn chặt và nhổ cây Mai dương. So sánh...

Volledige beschrijving

Bewaard in:
Bibliografische gegevens
Hoofdauteur: Lê, Minh Trường
Formaat: Boek
Taal:Undetermined
Gepubliceerd in: Cần Thơ Trường Đại học Cần Thơ 2010
Onderwerpen:
Tags: Voeg label toe
Geen labels, Wees de eerste die dit record labelt!
Thư viện lưu trữ: Trung tâm Học liệu Trường Đại học Cần Thơ
LEADER 01722nam a2200229Ia 4500
001 CTU_162935
008 210402s9999 xx 000 0 und d
082 |a 583.748 
082 |b Tr561 
088 |a 60440301 
100 |a Lê, Minh Trường 
245 0 |a Biện pháp sinh học khống chế khả năng tái sinh của cây Mai dương (Mimosa pigra) tại Vườn Quốc gia Tràm Chim : 
245 0 |b Luận văn Thạc sĩ Khoa học Môi trường. Chuyên ngành: Khoa học Môi trường 
245 0 |c Lê Minh Trường; Trương Thị Nga (Hướng dẫn Khoa học) 
260 |a Cần Thơ 
260 |b Trường Đại học Cần Thơ 
260 |c 2010 
520 |a Nghiên cứu và đánh giá khả năng phát triển của cây Mai dương trong điều kiện trồng các loài thực vật khác nhau như: Cỏ sả (Panicum Maximum), cỏ Vetiver, cỏ mồm (Hymenachne rugosum), Lục bình với 2 thí nghiệm đốn chặt và nhổ cây Mai dương. So sánh và đánh giá khả năng cạnh tranh của các loài cỏ trong thí nghiệm đối với sự tái sinh của cây Mai dương. Đánh giá và chọn ra loài tối ưu trong các loài thực vật trên để khống chế sự xâm lấn của cây Mai dương. 
650 |a Mimosa pigra,Mimosa pigra,Biological control systems,Cây Mai dương,Cây Mai dương,Hệ thống kiểm soát sinh học 
650 |x Control,Research,Kiểm soát,Nghiên cứu 
904 |i Năm 
980 |a Trung tâm Học liệu Trường Đại học Cần Thơ